| 000 | 00681nam a2200229 4500 | ||
|---|---|---|---|
| 003 | OSt | ||
| 005 | 20240620060255.0 | ||
| 006 | a | ||
| 008 | 240620b |||||||| |||| 00| 0 eng d | ||
| 020 | _a9780123815354 | ||
| 040 |
_aDWCL-HMN lib. _cOC |
||
| 082 | _aCirc. 616.0277 M962s 2011 | ||
| 245 | _aStem cells : scientific facts and fiction / | ||
| 260 |
_aAmsterdam : _bElsevier, _cc2011. |
||
| 300 |
_aix, _b312 p. : col. ill. ; _c23 cm. |
||
| 504 | _aIncludes index. | ||
| 650 | _a1. Stem cells. | ||
| 650 | _a2. Stem cells–Facts. | ||
| 650 | _a3. Embryonic stem cells–Juvenile literature. | ||
| 700 | _aChristine Mummery...[et al] | ||
| 942 |
_2ddc _n0 _cBK-CIRC _kCirc. |
||
| 999 |
_c982 _d982 |
||